000
00304nam a22001337a 4500
008
171009b xxu||||| |||| 00| 0 eng d
020
_a
081850448-X
041
_a
eng
080
_2
2ND
_a
159.9
100
_a
49
101
_a
PSI
245
_a
DEVELOPMENT IN ADOLESCENCE
_c
THORNBURG,H,D
942
_2
udc
_c
BK
999
_c
32607
_d
32607